| 000 | 00745nam a2200241Ia 4500 | ||
|---|---|---|---|
| 003 | OSt | ||
| 005 | 20241106161816.0 | ||
| 008 | 210716s1982 xx 000 0 und d | ||
| 020 | _a0070449023 | ||
| 040 | _cAIMIT LIBRARY | ||
| 041 | _aeng | ||
| 082 |
_a620.82 _21 _bMCCE |
||
| 100 |
_aMcCormick, Ernest J. _9184402 |
||
| 245 |
_aHuman factors in engineering and design / _cBy Ernest J McCormick and Mark S Sanders. |
||
| 250 | _a1st ed. | ||
| 260 |
_aU S A : _bMc Graw Hill Book Company , _c1982. |
||
| 300 |
_avii,615p. ; _bHB _c25.1 cm |
||
| 650 |
_aInformation input _9184403 |
||
| 650 |
_aHuman input and control _9184404 |
||
| 650 |
_aEnvironment _9184405 |
||
| 700 |
_aSanders, Mark S. _9184406 |
||
| 942 |
_2ddc _cBK _e1st _k620.82 MCCE |
||
| 999 |
_c198340 _d198340 |
||